[Event "Speed Chess Championship 2020"]
[Site "Online"]
[Date "2020.11.12"]
[Round "1.9"]
[White "Nakamura, Hikaru"]
[Black "Martirosyan, Haik M."]
[Result "1/2-1/2"]
[WhiteElo "2736"]
[BlackElo "2622"]
[Annotator "TA"]
[PlyCount "159"]
[EventDate "2020.10.31"]
[EventType "k.o."]
[SourceTitle "playchess.com"]
[Source "ChessBase"]
[SourceQuality "1"]

{[%evp 19,159,0,7,7,12,0,1,-36,0,-6,-15,-23,-20,-42,0,2,0,0,0,0,1,0,0,-16,0,0,0,-10,-25,-18,-7,-31,0,0,0,0,0,0,0,0,0,0,0,0,39,0,0,0,0,0,0,0,0,-51,-53,-39,0,-4,-4,-3,-3,-2,-3,-6,-10,-10,0,0,0,0,0,0,0,0,0,0,0,-111,-122,-153,-11,-78,-11,-11,0,0,0,-72,-72,-72,-72,-72,-72,-72,-72,-72,0,-72,-43,-57,0,0,0,0,0,0,0,0,0,0,0,0,0,0,0,0,0,0,0,0,0,0,0,0,0,0,0,0,0,0,0,0,0,0,0,0,0,0,0,0,0,0]} 1. Nf3 Nf6 2. d4 e6 3. c4 b6 4. g3 Ba6 5. b3 Bb4+ 6. Bd2 Be7 7. Nc3 d5 8. cxd5 exd5 9. Bg2 O-O 10. O-O Re8 {10...Nbd7 is setting a new trend.} 11. Ne5 {E15: Queen's Indian: 4 g3 sidelines, 4 g3 Ba6 and 4 g3 Bb7 early deviations.} Bb7 12. Bg5 Nbd7 {[#]} 13. e3 $146 ({Predecessor:} 13. Rc1 Ba3 14. Nxd7 Qxd7 15. Bxf6 Bxc1 16. Qxc1 gxf6 17. Qh6 Qf5 18. Qd2 c5 19. dxc5 bxc5 20. Nxd5 Bxd5 21. Qxd5 Qxd5 22. Bxd5 {½-½ (45) Sargissian,G (2702)-Tomashevsky,E (2728) Huaian 2016}) 13... h6 14. Bxf6 Nxf6 15. Rc1 c6 16. Qc2 Nd7 17. Nd3 a5 18. Qb2 Ba6 19. Rfd1 Rc8 20. Nf4 Bd6 21. Rc2 Qe7 22. Bh3 Rb8 23. Qc1 Nf6 24. Na4 Bb5 25. Bf1 Bxf4 (25... Ba3 {with more complications.} 26. Qb1 Qd7 27. Nb2 Bxf1 28. Rxf1 Rbc8) 26. exf4 Ne4 27. Bxb5 cxb5 28. Nc3 Nxc3 29. Rxc3 Qe2 30. Rd2 Qg4 31. Rc7 Re6 32. Rc8+ Rxc8 33. Qxc8+ $11 {[%mdl 4096] Endgame KQR-KQR} Kh7 34. Qc2+ g6 35. Kg2 Re1 36. Qd3 (36. Qc6 $11) 36... b4 $15 37. Rc2 Qd1 38. Qxd1 Rxd1 $11 {KR-KR} 39. Rc6 Rxd4 40. Rxb6 Rd2 41. Rb5 Rxa2 42. Rxd5 Ra3 43. h4 h5 44. f5 Rxb3 {aiming for ...a4.} 45. Rxa5 Rc3 46. Rb5 b3 47. Rb7 gxf5 48. Kf1 (48. Rxf7+ $11 {remains equal.} Kg6 49. Rf8) 48... Kg6 $17 49. Ke2 Rc2+ (49... Kf6 $17 50. Rb4 Rc2+ 51. Kd1 Rxf2 52. Rb6+ Ke5 53. Rxb3 f4) 50. Ke3 {[#]} (50. Kf3 $1 $11) 50... b2 (50... f4+ $1 $17 {[%mdl 512]} 51. gxf4 (51. Kxf4 Rxf2+) 51... b2) 51. Rb6+ $1 $11 f6 52. Rb7 {[#]} f4+ $1 {[%mdl 512]} 53. gxf4 (53. Kxf4 $11 Rxf2+ 54. Ke3) 53... Kf5 $17 54. f3 Ke6 55. Kd3 Rh2 56. Rb5 Kd6 57. Kc3 Ke6 (57... Rf2 {is more complex.} 58. Kd4 Rd2+ 59. Ke4 Rh2 60. Kd4 Kd7) 58. Kd3 $1 Rxh4 {Hoping for ...Rh2.} 59. f5+ Kf7 (59... Kd6 $15 60. Rxb2 Ke5) 60. Rxb2 $11 {The position is equal.} Rf4 61. Rb7+ {Cut Off at move 61} Kg8 62. Ke3 $1 {[%cal Re3f4]} Rxf5 (62... Ra4 {feels hotter.} 63. Kf2 Ra2+ 64. Kg3 Ra5 65. Kh4 Rxf5 66. f4 Kf8) 63. f4 Ra5 64. Kf3 h4 65. Kg4 h3 66. Kxh3 Kf8 67. Kg4 Kg8 68. f5 Kf8 69. Rc7 Kg8 70. Kh5 Rxf5+ 71. Kg6 {[%cal Rc7c8]} Rg5+ 72. Kxf6 Rg1 73. Rc8+ Kh7 74. Rc7+ Kh6 75. Rc8 {[%cal Rc8h8]} Rf1+ 76. Ke7 Re1+ 77. Kf7 Rf1+ 78. Ke7 Re1+ 79. Kf7 Rf1+ 80. Ke7 {Weighted Error Value: White=0.13/Black=0.16} 1/2-1/2

[Event "Speed Chess Championship 2020"]
[Site "Online"]
[Date "2020.11.16"]
[Round "1.9"]
[White "Artemiev, Vladislav"]
[Black "Giri, Anish"]
[Result "1/2-1/2"]
[WhiteElo "2708"]
[BlackElo "2764"]
[Annotator "ChessBase"]
[PlyCount "118"]
[EventDate "2020.10.31"]
[EventType "k.o."]
[EventCountry "NET"]
[SourceTitle "playchess.com"]
[Source "ChessBase"]
[SourceQuality "1"]
[TimeControl "300+1"]

1. c4 {[%emt 0:00:01]} e5 {[%emt 0:00:02]} 2. Nc3 {[%emt 0:00:01]} Nf6 {[%emt 0:00:02]} 3. Nf3 {[%emt 0:00:01]} Nc6 {[%emt 0:00:01]} 4. d3 {[%emt 0:00:01]} d5 {[%emt 0:00:03]} 5. cxd5 {[%emt 0:00:01]} Nxd5 {[%emt 0:00:00]} 6. e3 {[%emt 0:00:02]} g6 {[%emt 0:00:08]} 7. Bd2 {[%emt 0:00:16]} Bg7 {[%emt 0:00:13]} 8. a3 {[%emt 0:00:02]} a5 {[%emt 0:00:07]} 9. Be2 {[%emt 0:00:02]} O-O {[%emt 0:00:01]} 10. O-O {[%emt 0:00:01]} Nxc3 {[%emt 0:00:04]} 11. Bxc3 {[%emt 0:00:01]} Be6 {[%emt 0:00:01]} 12. Rc1 {[%emt 0:00:35]} a4 {[%emt 0:00:02]} 13. Nd2 {[%emt 0:00:01]} Na5 {[%emt 0:00:12]} 14. Bb4 {[%emt 0:00:28]} Re8 {[%emt 0:00:02]} 15. Qc2 {[%emt 0:00:01]} c6 {[%emt 0:00:10]} 16. Bd1 {[%emt 0:01:08]} Nb3 {[%emt 0:00:12]} 17. Nxb3 {[%emt 0:00:01]} Bxb3 {[%emt 0:00:00]} 18. Qe2 {[%emt 0:00:05]} Bd5 {[%emt 0:00:35]} 19. Qd2 {[%emt 0:00:25]} Qd7 {[%emt 0:00:07]} 20. Re1 {[%emt 0:00:09]} b6 {[%emt 0:00:09]} 21. e4 {[%emt 0:00:01]} Be6 {[%emt 0:00:03]} 22. Bc3 {[%emt 0:00:09]} c5 {[%emt 0:00:03]} 23. Qe3 {[%emt 0:00:06]} Qd6 {[%emt 0:00:18]} 24. h3 {[%emt 0:00:02]} h5 {[%emt 0:00:02]} 25. g4 {[%emt 0:00:03]} hxg4 {[%emt 0:00:10]} 26. Bxg4 {[%emt 0:00:02]} Bf6 {[%emt 0:00:09]} 27. Kg2 {[%emt 0:00:11]} Kg7 {[%emt 0:00:06]} 28. Rh1 {[%emt 0:00:18]} Rh8 {[%emt 0:00:10]} 29. Rcf1 {[%emt 0:00:01]} Rh4 {[%emt 0:00:10]} 30. Qg3 {[%emt 0:00:07]} Rah8 {[%emt 0:00:01]} 31. f4 {[%emt 0:00:16]} Qd7 {[%emt 0:01:07]} 32. f5 {[%emt 0:00:18]} gxf5 {[%emt 0:00:08]} 33. Bxf5+ {[%emt 0:00:07]} Kf8 {[%emt 0:00:10]} 34. Bxe6 {[%emt 0:00:01]} Qxe6 {[%emt 0:00:02]} 35. Rxf6 {[%emt 0:00:00]} Qxf6 {[%emt 0:00:01]} 36. Bxe5 {[%emt 0:00:00]} Qh6 {[%emt 0:00:29]} 37. Bxh8 {[%emt 0:00:02]} Qd2+ {[%emt 0:00:00]} 38. Qf2 {[%emt 0:00:06]} Qg5+ {[%emt 0:00:02]} 39. Kh2 {[%emt 0:00:20]} Rxh8 {[%emt 0:00:01]} 40. Rf1 {[%emt 0:00:00]} Qe5+ {[%emt 0:00:02]} 41. Qf4 {[%emt 0:00:01]} Qxf4+ {[%emt 0:00:08]} 42. Rxf4 {[%emt 0:00:00]} Ke7 {[%emt 0:00:01]} 43. Kg3 {[%emt 0:00:03]} Ke6 {[%emt 0:00:02]} 44. h4 {[%emt 0:00:01]} b5 {[%emt 0:00:01]} 45. Rf5 {[%emt 0:00:02]} Rd8 {[%emt 0:00:01]} 46. Rxc5 {[%emt 0:00:04]} Rxd3+ {[%emt 0:00:01]} 47. Kg4 {[%emt 0:00:01]} Rb3 {[%emt 0:00:02]} 48. Rc2 {[%emt 0:00:01]} b4 {[%emt 0:00:01]} 49. axb4 {[%emt 0:00:01]} Rxb4 {[%emt 0:00:00]} 50. Kf3 {[%emt 0:00:01]} f5 {[%emt 0:00:03]} 51. exf5+ {[%emt 0:00:01]} Kxf5 {[%emt 0:00:00]} 52. h5 {[%emt 0:00:00]} Kg5 {[%emt 0:00:02]} 53. Rh2 {[%emt 0:00:02]} Kh6 {[%emt 0:00:03]} 54. Ke3 {[%emt 0:00:01]} a3 {[%emt 0:00:01]} 55. bxa3 {[%emt 0:00:01]} Rb3+ {[%emt 0:00:00]} 56. Kd4 {[%emt 0:00:01]} Rxa3 {[%emt 0:00:01]} 57. Ke4 {[%emt 0:00:00]} Ra5 {[%emt 0:00:00]} 58. Kf4 {[%emt 0:00:01]} Rxh5 {[%emt 0:00:01]} 59. Rxh5+ {[%emt 0:00:00]} Kxh5 {[%emt 0:00:00]} 1/2-1/2

[Event "Speed Chess Championship 2020"]
[Site "Online"]
[Date "2020.11.15"]
[Round "1.10"]
[White "Caruana, Fabiano"]
[Black "Duda, Jan-Krzysztof"]
[Result "1-0"]
[WhiteElo "2823"]
[BlackElo "2743"]
[Annotator "TA"]
[PlyCount "51"]
[EventDate "2020.10.31"]
[EventType "k.o."]
[EventCountry "NET"]
[SourceTitle "playchess.com"]
[Source "ChessBase"]
[SourceQuality "1"]

{[%evp 9,51,23,33,0,2,0,24,18,20,8,30,20,23,25,27,21,14,15,8,20,12,0,8,-3,473,462,454,475,465,453,613,606,557,551,966,887,1121,495,29982,29983,3009,491,933,558]} 1. e4 c5 2. Nf3 d6 3. d4 cxd4 4. Nxd4 Nf6 5. Nc3 a6 6. h4 {B90: Sicilian Najdorf: Unusual White 6th moves, 6 Be3 Ng4 and 6 Be3 e5.} e5 7. Nb3 Be6 8. f4 {White has an edge.} exf4 9. Bxf4 Nc6 10. Qd2 d5 {10...Be7 is the modern continuation.} 11. O-O-O {[%cal Re4d5]} Bb4 12. Bg5 {[%cal Re4d5]} Nxe4 13. Qe3 Nxg5 14. Nxd5 $1 Bd6 $1 15. hxg5 {[#] And now Nb6 would win.} Ne7 $1 16. Bc4 $36 {[%mdl 2048] [#] aiming for Nd4. Black is under pressure.} b5 $146 {[%mdl 8192] Loses the game.} (16... Nf5 $1 $11 {and Black has nothing to worry.} 17. Qd2 b5) ({Predecessor:} 16... Nf5 17. Qd2 b5 18. Bd3 Ng3 19. Rh4 Bxd5 20. Rd4 Qc7 21. Qe1+ Be7 22. Rxd5 O-O {½-½ (47) Avotins,M (2400)-Petraitis,G (2465) ICCF email 2017}) 17. Nxe7 $18 Qxe7 18. Bxe6 fxe6 19. Kb1 Rd8 20. Na5 Rc8 {If Black can now play ...Bb4 this consolidates a bit.} 21. Qe4 ({Not} 21. Qb6 Bf4 $16) 21... e5 22. g6 h6 23. Rhf1 (23. Nb7 $142 Bb4 24. Qd5) 23... Rf8 (23... Qe6 $18 24. Rf7 Rf8 25. Rxg7 Qf5 26. Qxf5 Rxf5) 24. Rxf8+ Qxf8 25. Qg4 (25. Nb7 $142 Kd7 26. Nxd6) 25... Rc7 (25... Ke7 $142 26. a4 (26. Nb7 Rc4 $18) 26... Rc7) 26. Qe6+ {[%mdl 64] Decoy.  Weighted Error Value: White=0.66/Black=0.82} 1-0

[Event "Speed Chess Championship 2020"]
[Site "Online"]
[Date "2020.11.11"]
[Round "1.10"]
[White "Aronian, Levon"]
[Black "Nepomniachtchi, Ian"]
[Result "0-1"]
[WhiteElo "2781"]
[BlackElo "2784"]
[Annotator "TA"]
[PlyCount "88"]
[EventDate "2020.10.31"]
[EventType "k.o."]
[SourceTitle "playchess.com"]
[Source "ChessBase"]
[SourceQuality "1"]

{[%evp 17,88,-17,-8,-22,0,0,-3,-44,0,0,0,-11,-11,-11,-11,-11,0,0,0,0,0,0,0,0,0,4,25,0,14,-64,69,61,60,60,164,16,195,0,0,0,0,0,0,0,0,-31,-24,-33,-41,-40,-41,-50,-27,-13,-18,-31,-15,-33,-14,-13,-9,-66,-82,-62,-76,-63,-59,-149,-148,-119,-118,-239,-234]} 1. e4 e6 2. d4 d5 3. Nc3 Bb4 4. e5 c5 5. a3 Bxc3+ 6. bxc3 Ne7 7. h4 Qc7 8. h5 h6 9. Nf3 {9.Rb1 is the hot move.} b6 10. Rh4 {C19: French: 3 Nc3 Bb4: Main line: 7 Nf3 and 7 a4.} Ba6 11. Bxa6 Nxa6 12. Qd3 {The position is equal.} Nb8 {[%cal Ba6b8,Bb8c6,Bc6e7,Be7f5][%mdl 32]} 13. Rg4 $1 Nf5 14. Nh4 Nxh4 15. Rxh4 Nc6 16. Rg4 {[#]} Kf8 $146 ({Predecessor:} 16... Rc8 17. Rxg7 cxd4 18. cxd4 Nxe5 19. Qg3 Nd7 20. Ra2 Qc3+ 21. Bd2 Qxg3 22. Rxg3 Nf6 {½-½ (56) Eisele,S (2214)-Hagemann,T (2097) Ditzingen 2005}) 17. Qg3 Ne7 $36 {[%mdl 2048] Black has the initiative.} 18. a4 Nf5 19. Qd3 Rc8 20. Kd1 cxd4 21. cxd4 Qc4 22. Rf4 Ke8 23. Ba3 (23. Qxc4 $11 Rxc4 24. a5) 23... Rc7 (23... g5 $15 24. hxg6 fxg6) 24. g4 Ne7 25. Bd6 Rc8 {[#]} ({Better is} 25... Qxd3+ $14 26. cxd3 Rb7) 26. Kd2 (26. a5 $1 $18 {[%cal Ra5b6]} b5 27. a6) 26... Rg8 $2 {[#]} (26... Qxd3+ $11 27. cxd3 Nc6) 27. Bxe7 $2 (27. a5 $1 $18 {[%cal Ra5b6] Hoping for axb6.} bxa5 28. Rb1) 27... Qxd3+ $11 28. Kxd3 Kxe7 $18 {[%mdl 4096] Endgame KRR-KRR} 29. Rf3 Rc4 {And now ...Rgc8 would win.} 30. c3 f6 31. exf6+ gxf6 32. Rg3 e5 33. f3 Rgc8 34. Ra3 exd4 35. cxd4 Rb4 {next ...Rcc4 is good for Black.} 36. Rg2 Rcc4 37. Re2+ Kf7 38. a5 b5 39. a6 (39. Ke3 $1 $11) 39... Rxd4+ $15 40. Ke3 {[#]} f5 $1 {[%mdl 512]} 41. gxf5 Rh4 42. Rg2 (42. Kd3 $15) 42... d4+ $17 43. Kd3 Rf4 44. Ke2 (44. Rg3 $17 {was worth a try.}) 44... Rb2+ {Weighted Error Value: White=0.31/Black=0.23} 0-1

[Event "Speed Chess Championship 2020"]
[Site "Online"]
[Date "2020.11.16"]
[Round "1.10"]
[White "Giri, Anish"]
[Black "Artemiev, Vladislav"]
[Result "0-1"]
[WhiteElo "2764"]
[BlackElo "2708"]
[Annotator "TA"]
[PlyCount "88"]
[EventDate "2020.10.31"]
[EventType "k.o."]
[EventCountry "NET"]
[SourceTitle "playchess.com"]
[Source "ChessBase"]
[SourceQuality "1"]

{[%evp 11,88,31,27,28,29,31,53,41,54,61,52,51,64,63,48,15,31,19,16,20,35,41,44,39,50,45,58,29,32,35,132,132,133,-29,-32,-37,-19,-27,-11,-45,-25,-43,-27,-69,-73,-57,-58,-64,-64,-99,-6,-120,-115,-425,-418,-416,-416,-416,-416,-426,-419,-404,-410,-710,-675,-796,-789,-768,-739,-950,-896,-879,-546,-2010,-1907,-1507,-599,-568,-550]} 1. e4 e5 2. Nf3 Nc6 3. d4 exd4 4. Nxd4 Bc5 5. Nb3 Bb4+ 6. c3 Be7 7. f4 {C45: Scotch Game.} d6 8. Bd3 (8. Be2 {with more complications.} Bh4+ 9. g3 Be7 10. Be3 Nf6 11. N1d2) 8... Nf6 9. O-O {White is slightly better.} O-O 10. N1d2 Re8 11. Nf3 Bf8 12. Qc2 Qe7 {[%cal Rf6e4] [#]} 13. Nbd2 $146 ({Predecessor:} 13. Re1 Bg4 14. Qf2 Bxf3 15. Qxf3 g6 16. Bd2 Bg7 17. Re2 Nd7 18. Rf1 Rad8 19. Qh3 {½-½ (27) Banawa,J (2396)-Ali Marandi,C (2531) Saint Louis 2019}) 13... g6 14. Re1 Bg7 15. Nf1 Bg4 16. Qf2 Rad8 17. h3 Bxf3 18. Qxf3 Nd7 19. Bc2 {[#]} d5 $1 {[%mdl 512]} 20. e5 (20. exd5 Nd4) 20... Ndxe5 ({Better is} 20... d4 $14) 21. fxe5 $16 Nxe5 22. Qg3 $2 ({White has to play} 22. Qe3 $16) 22... Nf3+ $1 $11 23. Qxf3 Qxe1 24. Rb1 {next Bg5 is good for White.} Qe7 25. Bf4 Be5 26. Be3 d4 27. cxd4 Bxd4 28. Bxd4 Rxd4 29. Bb3 {Black must now prevent Re1!} Re4 30. Kh1 Kg7 ({Black should play} 30... b5 $17) 31. Ng3 (31. Bd5 $11) 31... Re3 $17 32. Qf2 $2 {[%mdl 8192] White does not recover from this.} (32. Qf4 $17) 32... Re1+ $19 33. Rxe1 Qxe1+ 34. Qxe1 Rxe1+ 35. Kh2 Rb1 36. Ne4 Rxb2 37. Ng5 (37. Nc3 $142 c6 38. Na4) 37... b5 {Black is clearly winning.} 38. Ne4 a5 {[%cal Ba7a5,Ba5a4][%mdl 32]} 39. Bd5 a4 40. Kg3 b4 41. Nc5 {[#]} b3 $1 42. a3 (42. axb3 a3) 42... Rd2 43. Be4 b2 (43... f5 $142 44. Bb1 Rd1 45. Bxf5 gxf5 46. Nxa4 Kf6) 44. Nxa4 Rd4 {Weighted Error Value: White=0.64/Black=0.34} 0-1

[Event "Speed Chess Championship 2020"]
[Site "Online"]
[Date "2020.11.04"]
[Round "1.10"]
[White "Fedoseev, Vladimir"]
[Black "Firouzja, Alireza"]
[Result "1/2-1/2"]
[WhiteElo "2676"]
[BlackElo "2749"]
[Annotator "TA"]
[PlyCount "179"]
[EventDate "2020.10.31"]
[EventType "k.o."]
[SourceTitle "playchess.com"]
[Source "ChessBase"]
[SourceQuality "1"]

{[%evp 18,178,41,25,37,24,19,-34,-14,-23,-2,0,12,7,6,0,0,0,-6,0,7,12,37,44,60,60,63,12,61,62,57,56,51,0,29,18,51,49,90,44,102,105,170,175,177,170,168,62,58,60,62,-18,-25,-23,55,0,0,0,0,0,152,147,137,136,137,137,170,178,239,203,199,160,187,197,250,250,257,250,357,356,357,339,360,351,391,329,302,261,245,91,90,57,57,57,57,57,147,150,141,126,170,170,170,169,170,170,170,6,6,-8,-8,-8,-8,-8,-7,-7,-7,-7,-7,-7,-7,-8,-8,-8,-8,-8,-8,-8,-8,-8,-8,-8,-8,-8,-8,-8,-8,-8,-8,-8,-8,-8,-8,-8,0,0,0,0,0,0,0,0,0,0,0,0,0,0,0,0,0,0,0]} 1. d4 Nf6 2. c4 g6 3. Nc3 Bg7 4. g3 O-O 5. Bg2 d6 6. Nf3 Nc6 7. O-O e5 8. dxe5 dxe5 9. Bg5 Be6 10. Nd2 h6 {10...Qc8 is more advanced technology. E62: King's Indian: Fianchetto: 6...c6 and Panno Variation (6...Nc6) without ...a6.} 11. Bxf6 Bxf6 12. Nd5 (12. Nb3 $11) 12... Bg7 $15 {Black is slightly better.} 13. Ne4 Nd4 {With the idea ...c6.} 14. e3 Nf5 15. Nc5 Bc8 {[#]} 16. Qb3 $146 ({Predecessor:} 16. Nc3 Nd6 17. Qe2 c6 18. Rfd1 Qe7 19. Qd3 Nf5 20. N3e4 Re8 21. a4 b6 22. Nd7 {0-1 (50) Liptay,L-Haag,E Budapest 1969}) 16... c6 17. Nc3 Qe7 18. Qa3 h5 19. Rfd1 h4 20. N3e4 hxg3 21. hxg3 Re8 22. Rd2 (22. Qa4 $14) 22... Nh6 (22... b6 $5 {[%cal Rb6c5]}) 23. Rad1 Bg4 $1 {[%cal Rg4d1]} 24. f3 $36 {[%mdl 2048] White has some pressure.} Bc8 25. Nd7 (25. Nd6 $14 Rd8 26. Nce4 (26. Nxc8 Raxc8 27. Qxa7 Bf8 $14)) 25... Qxa3 26. bxa3 Kh8 27. Kf2 Re7 28. g4 {And now Nb6! would win.} Bxd7 (28... f5 $14 29. gxf5 gxf5) 29. Rxd7 $16 Rae8 (29... Rxd7 $16 30. Rxd7 f5) 30. Rxe7 $18 Rxe7 31. Rd8+ Ng8 32. Nd6 (32. g5 $18) 32... Bf6 $14 33. c5 Kg7 34. Ne4 ({White should try} 34. Rb8 $14) 34... Bh4+ $11 35. Ke2 Rc7 (35... Nf6 $11) 36. Re8 ({White should play} 36. g5 $14) 36... Be7 37. g5 b6 38. Kd3 Bxc5 $2 (38... f6 $11) 39. Nxc5 $16 bxc5 40. Rxe5 $11 {[%mdl 4096] Endgame KRB-KRN} Rd7+ 41. Kc3 Ne7 42. e4 $1 Kf8 (42... f5 {was necessary.} 43. gxf6+ (43. Rxc5 Rd1 $14) 43... Kxf6 44. Rxc5 Rd1) 43. Bf1 ({Much less strong is} 43. Rxc5 Rd1) 43... Rd1 44. Bd3 Rc1+ 45. Kd2 Ra1 (45... Rh1 $142 46. Rxc5 Rh2+ 47. Be2 Rh1) 46. Bc4 $18 Rg1 47. Rxc5 Ke8 (47... Rg2+ $142 48. Be2 Rg1) 48. Ra5 Nc8 49. Bb3 Rg2+ 50. Ke3 Rg1 51. Kf4 Rc1 52. Ra4 Ke7 53. Rd4 $2 (53. Ra6 $18 {and White stays clearly on top.}) 53... Nb6 $16 54. Rd2 (54. a4 {keeps more tension.} Rc5 55. e5 Ra5 56. Re4 Nd7 57. Re2) 54... c5 55. Rc2 Rxc2 56. Bxc2 $14 {KB-KN} Kd6 ({Better is} 56... Nc4 $14) 57. Ke3 $16 Nc4+ {[#]} 58. Kd3 $1 {[%cal Rd3c4]} Ne5+ 59. Ke2 c4 60. f4 Nc6 {[#]} 61. Ke3 $1 Kc5 62. e5 $2 ({White must play} 62. Ba4 $18 {Hoping for Bxc6.} Nd8 63. f5) 62... Nd4 {The position is equal.} 63. Be4 c3 64. Kd3 c2 65. Kd2 Ne2 (65... c1=R {is interesting.} 66. Kxc1 Ne2+ 67. Kd2 Nxf4 68. Ke3 Ne6) 66. Bxc2 Nxf4 {aiming for ...Kd4.} 67. Bb3 Kd4 {Strongly threatening ...Ne6.} 68. Bxf7 {Black must now prevent e6.} Kxe5 69. Kc3 Kf5 70. Kb4 Kxg5 71. Ka5 Kf6 72. Bxg6 Nxg6 $11 {KN-KPP} 73. Ka6 Ke6 74. Kxa7 Kd7 75. Kb6 Kc8 76. Kc6 Kb8 77. Kb6 Ka8 78. a4 Ne5 79. a5 Nc4+ 80. Kb5 Nxa5 81. Kxa5 {KP-K} Ka7 82. Kb5 Ka8 83. a4 {[%cal Ba2a4,Ba4a5,Ba5a6,Ba6a7][%mdl 32]} Kb8 84. a5 $1 Ka8 85. a6 Kb8 86. Ka5 Ka7 87. Kb5 Ka8 88. Kb6 Kb8 89. a7+ Ka8 90. Ka6 {Blacks defense is rewarded with a draw. Av CentiPawn Loss W=401/B=-12. Weighted=437/-13} 1/2-1/2

[Event "Speed Chess Championship 2020"]
[Site "Online"]
[Date "2020.11.04"]
[Round "1.10"]
[White "Maghsoodloo, Parham"]
[Black "Carlsen, Magnus"]
[Result "0-1"]
[WhiteElo "2676"]
[BlackElo "2862"]
[Annotator "TA"]
[PlyCount "86"]
[EventDate "2020.10.31"]
[EventType "k.o."]
[SourceTitle "playchess.com"]
[Source "ChessBase"]
[SourceQuality "1"]

{[%evp 9,86,9,7,0,14,0,0,-4,-7,0,14,18,22,7,10,15,20,25,43,14,8,0,0,2,12,0,0,-7,-15,-13,52,15,67,57,77,77,113,91,164,151,175,145,172,179,296,181,164,120,130,125,227,235,286,83,74,-72,-72,-67,-64,-61,0,0,0,0,0,0,0,0,0,0,0,0,0,0,0,-29998,-138,-890,-890]} 1. Nf3 d5 2. c4 c6 3. b3 Bg4 4. Bb2 e6 5. e3 Nf6 6. h3 {A12: English Opening: 1...c6 with b3 by White.} Bh5 7. Nc3 Nbd7 8. g4 {The position is equal.} Bg6 9. Nh4 Ne4 10. Nxg6 hxg6 11. Qc2 {Black should prevent cxd5.} Nxc3 12. Bxc3 {[#]} a5 $146 ({Predecessor:} 12... Qc7 13. Bg2 O-O-O 14. d4 Kb8 15. c5 e5 16. O-O-O exd4 17. exd4 Be7 18. b4 Nf8 {1-0 (37) Thorfinnsson,B (2484)-Pitcher,J (2226) England 2013}) 13. Bg2 Nf6 14. O-O Bb4 15. f4 Bxc3 16. Qxc3 O-O 17. d3 Qe7 18. g5 Nh5 19. Kh2 Rfd8 (19... f6 $11) 20. d4 $1 $14 Qb4 (20... a4 $11) 21. Rfc1 Qa3 22. Bf3 Rd7 23. Rc2 Rad8 (23... Qd6 $16) 24. c5 $18 Ra8 25. Rb1 Rb8 26. Qd2 b6 (26... b5 $142 27. Qe2 Re8 28. Bxh5 gxh5) 27. cxb6 Rxb6 28. Rc3 {[#] Black must now prevent b4.} Qd6 29. Rbc1 a4 (29... Ra7 $16) 30. bxa4 Ra7 31. a5 Rxa5 32. Rxc6 (32. Kg2 $16 {keeps the pressure on.}) 32... Rxc6 $17 33. Rxc6 Qxc6 34. Qxa5 Qc2+ ({Black should try} 34... Qc1 $1 $15 35. Bxh5 gxh5) 35. Kg1 $11 Qc1+ 36. Kf2 Qc2+ 37. Ke1 Ng3 {Threatens to win with ...Qh2.} 38. Qd2 Qb1+ 39. Bd1 Ne4 $36 {[%mdl 2048] White is under pressure.} 40. Qc2 Qb4+ 41. Ke2 Kh7 42. Kd3 $2 {[%mdl 8192] [#]} (42. a4 $11) 42... Qe1 $2 (42... Qb5+ {mates} 43. Qc4 Qxc4#) 43. Bf3 $2 {[%mdl 8192]} (43. Qc1 $17) 43... Nf2+ {Never resign too early! Av CentiPawn Loss W=-63/B=-43. Weighted=-136/-92} 0-1

[Event "Speed Chess Championship 2020"]
[Site "Online"]
[Date "2020.11.08"]
[Round "1.10"]
[White "Abdusattorov, Nodirbek"]
[Black "So, Wesley"]
[Result "1/2-1/2"]
[WhiteElo "2662"]
[BlackElo "2816"]
[Annotator "ChessBase"]
[PlyCount "48"]
[EventDate "2020.10.31"]
[EventType "k.o."]
[SourceTitle "playchess.com"]
[Source "ChessBase"]
[SourceQuality "1"]
[TimeControl "300+1"]

1. e4 {[%emt 0:00:01]} c5 {[%emt 0:00:01]} 2. Nf3 {[%emt 0:00:02]} d6 {[%emt 0:00:00]} 3. d4 {[%emt 0:00:00]} cxd4 {[%emt 0:00:01]} 4. Nxd4 {[%emt 0:00:01]} Nf6 {[%emt 0:00:00]} 5. Nc3 {[%emt 0:00:00]} a6 {[%emt 0:00:01]} 6. Be3 {[%emt 0:00:01]} e5 {[%emt 0:00:01]} 7. Nb3 {[%emt 0:00:01]} Be6 {[%emt 0:00:01]} 8. Qd2 {[%emt 0:00:01]} Nbd7 {[%emt 0:00:11]} 9. O-O-O {[%emt 0:00:03]} b5 {[%emt 0:00:17]} 10. f3 {[%emt 0:00:03]} h5 {[%emt 0:00:05]} 11. g3 {[%emt 0:00:01]} Rc8 {[%emt 0:00:03]} 12. Kb1 {[%emt 0:00:08]} Be7 {[%emt 0:00:01]} 13. Nd5 {[%emt 0:00:01]} Bxd5 {[%emt 0:00:03]} 14. exd5 {[%emt 0:00:00]} Nb6 {[%emt 0:00:01]} 15. Bxb6 {[%emt 0:00:04]} Qxb6 {[%emt 0:00:00]} 16. Bh3 {[%emt 0:00:01]} Rb8 {[%emt 0:00:26]} 17. Rhe1 {[%emt 0:00:08]} O-O {[%emt 0:00:04]} 18. f4 {[%emt 0:00:00]} Rfe8 {[%emt 0:00:36]} 19. fxe5 {[%emt 0:00:05]} dxe5 {[%emt 0:00:00]} 20. d6 {[%emt 0:00:25]} Red8 {[%emt 0:00:07]} 21. d7 {[%emt 0:00:10]} e4 {[%emt 0:00:14]} 22. Qe2 {[%emt 0:01:02]} g6 {[%emt 0:00:05]} 23. Nd2 {[%emt 0:00:06]} Nxd7 {[%emt 0:00:04]} 24. Nxe4 {[%emt 0:00:03]} Nf6 {[%emt 0:00:03]} 1/2-1/2